| 000 | 00526nam a2200181 i 4500 | ||
|---|---|---|---|
| 001 | 20269 | ||
| 003 | ES-MaACL | ||
| 005 | 20250809063451.0 | ||
| 007 | t| | ||
| 008 | 021108s1971 sp ||||1| spa d | ||
| 100 | 1 |
_aAguirre Andrés, Jesús _918852 |
|
| 245 | 1 | 0 |
_aDivulgación de abonos / _cpor J. Aguirre Andrés. |
| 260 |
_a[Madrid : _bs.n., _c1971] ( _fImp. Aro) |
||
| 300 |
_a204 p. : _bil. ; _c30 cm. |
||
| 650 | 4 |
_aFertilizantes. _9136105 |
|
| 852 |
_aES-MaACL _jC-43288 _bR.82974 |
||
| 999 |
_c20269 _d20269 |
||